| 000 | 00342nam a22001457a 4500 | ||
|---|---|---|---|
| 008 | 221206b ||||| |||| 00| 0 eng d | ||
| 020 | _a9780765625441 | ||
| 041 | _aeng | ||
| 080 |
_2SECOND EDITION _a330.101 |
||
| 082 | _a330.101BER | ||
| 100 | _a23.1 | ||
| 101 | _aECONO | ||
| 245 |
_aINTERNATIONAL ECONOMICS _cBERG V H |
||
| 942 |
_2udc _cBK |
||
| 999 |
_c59107 _d59107 |
||